Minorca quiz - Statistics

General Stats
  • This quiz has been taken 5 times
  • The average score is 1 of 15
Answer Stats
Hint Answer % Correct
What town has the largest population? Mahon
100%
According to Trip Advisor where is the best market? Punta Prima
20%
Menorcan wine is which colour/ Red
20%
What score did “reisender Fischer” host Hanz Kretcher give Menorca? 4 flying fish out of 5
0%
Menorcan gin is a type of what? Alcoholic drink
0%
What are menorca an shoes called? Avarcas
0%
Which mainland city can be accessed by ferry Barcelona
0%
According to The Guaridan 2019 where is the best place to rent a villa Binixiquer
0%
Which resort town is known as the little Britain by menorcans? Cala en porter
0%
Which town has an old Jewish quarter Citudella
0%
Island legend fernando Bilbao Hugo-Ramirez famously said what comes before a good dinner Lunch
0%
Where are most foreign embassies for the island located? Madrid
0%
Where is the islands only air port located Mahon airport
0%
What is the highest point of the island Mt toro
0%
Which resort town has the largest Chinese resteraunt on the island Son bou
0%
No matching quizzes found
Score Distribution
Percent of People with Each Score
Percentile by Number Answered
Your Score History
You have not taken this quiz